Vnímanie rôznych spôsobov prezentácie environmentálnych vlastností produktov diplomová práca

Salvato in:
Dettagli Bibliografici
Autore principale: Harmanová, Lucia
Ente Autore: Obchodná fakulta EU. Katedra marketingu
Altri autori: Knošková, Ľubica, 1965-
Natura: Libro
Lingua:slovacco
Pubblicazione: Bratislava 2022
Tags: Aggiungi Tag
Nessun Tag, puoi essere il primo ad aggiungerne!!

MARC

LEADER 00000nbm a2200000 4500
001 0284349
005 20221130083216.1
041 0 |a slo 
044 |a SK 
245 1 0 |a Vnímanie rôznych spôsobov prezentácie environmentálnych vlastností produktov  |b diplomová práca  |c Lucia Harmanová ; školiteľ: Ľubica Knošková 
264 1 |a Bratislava  |c 2022 
300 |a 57 s. 
100 1 |a Harmanová, Lucia 
700 1 |a Knošková, Ľubica, 1965- 
710 2 |a Obchodná fakulta EU. Katedra marketingu